Control of water pollution from linear construction projects (Record no. 105500)

MARC details
000 -LEADER
fixed length control field 00936cam a2200253 4500
001 - CONTROL NUMBER
control field ##L133900
008 - FIXED-LENGTH DATA ELEMENTS--GENERAL INFORMATION
fixed length control field 060616n2006 000 0 eng u
020 ## - INTERNATIONAL STANDARD BOOK NUMBER
International Standard Book Number 0860176495
035 ## - SYSTEM CONTROL NUMBER
System control number (Sirsi) u133900
041 0# - LANGUAGE CODE
Language code of text/sound track or separate title eng
050 04 - LIBRARY OF CONGRESS CALL NUMBER
Classification number 614.77 $2 18
100 1# - MAIN ENTRY--PERSONAL NAME
Personal name Murnane, Emma
245 00 - TITLE STATEMENT
Title Control of water pollution from linear construction projects
Remainder of title site guide
260 ## - PUBLICATION, DISTRIBUTION, ETC.
Place of publication, distribution, etc. London
Name of publisher, distributor, etc. CIRIA
Date of publication, distribution, etc. 2006
300 ## - PHYSICAL DESCRIPTION
Extent 75p.
Other physical details ill.
Dimensions 21cm
490 #0 - SERIES STATEMENT
Series statement CIRIA
Volume/sequential designation C649
520 ## - SUMMARY, ETC.
Summary, etc. A guide to good practice for protecting the water environment during construction and maintenance work, especially linear projects such as highways, cables and railways. Intended for on-site use by construction personnel. Accompanied by the CIRIA technical guidance publication C648.
590 ## - LOCAL NOTE (RLIN)
Local note IKA230806
651 #4 - SUBJECT ADDED ENTRY--GEOGRAPHIC NAME
Geographic name United Kingdom
Chronological subdivision
690 ## - LOCAL SUBJECT ADDED ENTRY--TOPICAL TERM (OCLC, RLIN)
Topical term or geographic name as entry element Construction management
9 (RLIN) 6230
700 1# - ADDED ENTRY--PERSONAL NAME
Personal name Heap, Andy
700 1# - ADDED ENTRY--PERSONAL NAME
Personal name Swain, Andrew
942 ## - ADDED ENTRY ELEMENTS (KOHA)
Suppress in OPAC 0
Holdings
Withdrawn status Lost status Source of classification or shelving scheme Damaged status Not for loan Home library Current library Shelving location Date acquired Total Checkouts Full call number Barcode Date last seen Copy number Price effective from Koha item type
    Dewey Decimal Classification     London London Books 23/08/2006   614.77 MUR 30072468 06/08/2019 1 06/08/2019 Book